[Event "Olympiad Women 2024"]
[Site "Budapest HUN"]
[Date "2024.09.19"]
[Round "8.27"]
[Board "3"]
[White "Otazo Sanchez, Annyd Gabriela"]
[Black "Blokhin, Sofia"]
[Result "0-1"]
[WhiteElo "1976"]
[BlackElo "2036"]
[PlyCount "86"]
[EventDate "2024.09.11"]
[WhiteTeam "Venezuela"]
[BlackTeam "Estonia"]
[WhiteTeamCountry "VEN"]
[BlackTeamCountry "EST"]

1. e4 c5 2. c3 Nf6 3. e5 Nd5 4. d4 cxd4 5. cxd4 e6 6. Nf3 d6 7. Bc4 Be7 8. O-O O-O 9. Nc3 Nxc3 ({RR} 9... dxe5 10. Nxe5 Nc6 11. Nf3 Bf6 12. Ne4 Be7 13. Re1 b6 14. a3 Bb7 15. Ba2 Rc8 16. Qd3 Re8 17. Bd2 h6 18. Rad1 Bf8 19. Bb1 g6 20. h4 Bg7 21. h5 f5 22. Nc3 g5 23. Ba2 Nb8 24. Ne5 {1-0 Kovalenko,I (2639)-Markowski,T (2558) Bialystok Zamenhof Memorial 36th 2017 (7)}) 10. bxc3 dxe5 11. Nxe5 Nd7 12. Nxf7 $146 ({RR} 12. f4 Qc7 13. Qd3 Nf6 14. Bd2 b6 15. Rae1 Bb7 16. f5 Bd5 17. fxe6 fxe6 18. Bb3 Bxb3 19. axb3 Rae8 20. Qh3 Bd6 21. Nf3 e5 22. Ng5 e4 23. Ne6 Bxh2+ 24. Kh1 Rxe6 25. Qxe6+ Kh8 26. Bg5 Bg3 {1-0 Lagunow,A (2420)-Lubbe,M (2316) Erfurt op 25th 2015 (3)}) ({RR} 12. Nf3 Qc7 13. Qe2 Nf6 14. Bd2 b6 15. Rfe1 Bb7 16. Bd3 Qc6 17. a4 Qd5 18. a5 Qh5 19. h3 Bxf3 20. Qxf3 Qxf3 21. gxf3 Bd6 22. Reb1 Bc7 23. Be4 Nxe4 24. fxe4 Rfd8 25. axb6 axb6 26. Be3 f5 {½-½ Lazarne Vajda,S (2283)-Hejazipour,M (2356) European Women Blitz 2023 2024 (9.6)}) ({RR} 12. f4 Qc7 13. Qb3 Nxe5 14. fxe5 b6 15. Bd3 Bb7 16. Bd2 Rac8 17. Qd1 f5 18. exf6 Bxf6 19. Qh5 g6 20. Qg4 e5 21. Qe6+ Kg7 22. Rae1 Rce8 23. Qh3 Kg8 24. Bh6 Bg7 25. Rxf8+ Bxf8 26. Bb5 Re7 {1-0 Xu,X (2273)-Ciolek,A (2102) GER-ch U25-A 2016 (7)}) 12... Rxf7 13. Bxe6 Nf6 14. Bxf7+ Kxf7 15. c4 Qc7 16. Qe2 Bd6 17. h3 Be6 18. d5 Bf5 19. Be3 Re8 20. Rac1 b6 21. Rfe1 Qd7 22. Qf3 Be4 23. Qe2 Qf5 24. f3 Bd3 25. Qf2 Bb4 26. Bd2 Bc5 27. Be3 Rxe3 28. Rxe3 Qf4 29. Rce1 Bxc4 30. g3 Qd6 31. Kg2 Nxd5 32. Qc2 Nxe3+ 33. Rxe3 Bxe3 34. Qxc4+ Kf8 35. Qc8+ Ke7 36. Qb7+ Kf6 37. h4 Qd2+ 38. Kh3 Qxa2 39. g4 Qc4 40. g5+ Kg6 41. h5+ Kxh5 42. Qxg7 Qh4+ 43. Kg2 Qxg5+ 0-1

[Event "Olympiad Women 2024"]
[Site "Budapest HUN"]
[Date "2024.09.19"]
[Round "8.27"]
[Board "4"]
[White "Narva, Triin"]
[Black "Perez Hernandez, Vicmary C."]
[Result "1-0"]
[WhiteElo "2066"]
[BlackElo "1960"]
[PlyCount "57"]
[EventDate "2024.09.11"]
[WhiteTeam "Estonia"]
[BlackTeam "Venezuela"]
[WhiteTeamCountry "EST"]
[BlackTeamCountry "VEN"]

1. e4 c5 2. Nf3 g6 3. c3 Bg7 4. d4 cxd4 5. cxd4 d5 6. e5 Bg4 7. Nc3 e6 8. Nb5 ({RR} 8. Bg5 Ne7 9. Bd3 O-O 10. h3 Bxf3 11. Qxf3 Nbc6 12. Qe3 Qb6 13. O-O Rfe8 14. Ne2 Rac8 15. a3 Na5 16. b4 Nc4 17. Qf4 Nc6 18. Rfc1 Nb2 19. Bb1 a5 20. Bf6 axb4 21. axb4 Nxb4 22. Rf1 Qc7 {0-1 Owezdurdiyeva,J (2057)-Rangel,D (2176) Titled Tue 16th Jan Early 2024 (7)}) 8... Nc6 9. Nd6+ Kf8 10. Bb5 $146 ({RR} 10. h3 Bxf3 11. Qxf3 Qe8 12. Be3 a6 13. g4 Nxe5 14. dxe5 Bxe5 15. Nxf7 Qxf7 16. Qe2 Qf6 17. Bc5+ Kg7 18. Rb1 Nh6 19. h4 Nf7 20. Rh3 Bd6 21. Rf3 Qe7 22. Bxd6 Qxd6 23. b4 Rhe8 24. g5 Rac8 {0-1 Damasco,R-Baltgailis,V (2030) Olympiad Women-30 1992 (10)}) 10... Nge7 11. O-O Qb6 12. Bxc6 bxc6 13. Nxf7 Rg8 14. h3 Bf5 15. Nd6 h5 16. Ng5 Nc8 17. Nxc8 Rxc8 18. g4 hxg4 19. hxg4 Be4 20. f3 Bf5 21. gxf5 exf5 22. Ne6+ Kf7 23. Nxg7 Kxg7 24. Bg5 Qxb2 25. Rf2 Qa3 26. Rh2 Rb8 27. Rb1 Rxb1 28. Qxb1 Qa6 29. Bf6+ 1-0

[Event "Olympiad Women 2024"]
[Site "Budapest HUN"]
[Date "2024.09.19"]
[Round "8.28"]
[Board "1"]
[White "Gomez Barrera, Javiera Belen"]
[Black "Cvitan, Ena"]
[Result "1-0"]
[WhiteElo "2123"]
[BlackElo "2259"]
[PlyCount "125"]
[EventDate "2024.09.11"]
[WhiteTeam "Chile"]
[BlackTeam "Croatia"]
[WhiteTeamCountry "CHI"]
[BlackTeamCountry "CRO"]

1. e4 {King,Daniel J} c6 2. d4 d5 3. e5 Bf5 4. Nc3 Qb6 5. g4 Bd7 ({RR} 5... Bc8 6. Bg2 e6 7. Nge2 c5 8. dxc5 Bxc5 9. O-O Bd7 10. Nf4 Qc7 11. Re1 Ne7 12. Nh5 Kf8 13. Bf4) 6. Na4 ({RR} 6. Bg2 e6 7. Nge2 c5 8. O-O) 6... Qc7 ({RR} 6... Qa5+ 7. c3 e6 8. b4) 7. a3 $146 ({RR} 7. Nc5 b6 8. Nd3 e6 9. Ne2 h5 10. gxh5 c5 11. c3 Nc6 12. Ndf4 cxd4 13. cxd4 Nb4 14. Nc3 Nh6 15. Be3 a6 16. Rc1 Qd8 17. Bh3 b5 18. O-O Rc8 19. Qf3 Rc4 20. Rfd1 Qc8 21. a3 Nc6 {½-½ Kulak,D-Drazic,S YUG-chT 38th 1986}) ({RR} 7. Be3 e6 ({RR} 7... h5) 8. Bg2 Ne7 9. f4 Na6 10. Nf3 h5 11. h3 Ng6 12. Nc3 Be7 13. Qe2 Nh4 14. Nxh4 Bxh4+ 15. Bf2 Bxf2+ 16. Qxf2 hxg4 17. hxg4 O-O-O 18. O-O-O c5 19. Kb1 Kb8 20. a3 Qb6 21. dxc5 Nxc5 {0-1 Timman,J (2660)-Kamsky,G (2650) Tilburg 1990 (5)} {RR} 22. Rxh8 Rxh8 23. Bxd5 exd5 24. Rxd5 Rh1+ 25. Ka2 Be6) ({RR} 7. Nc5 e6 8. Nxd7 Nxd7 9. f4 c5 10. c3 Ne7 11. Nf3 h5 12. gxh5 Rxh5 13. dxc5) ({RR} 7. c3 e6 8. f4 c5 9. Nxc5 Bxc5 10. dxc5 Qxc5 11. Nf3 Nc6 12. Bd3 Nge7 13. Qe2 d4 14. Qf2 Qd5 15. c4 Nb4 16. Qe2 Qc5 17. Bd2 a5 18. a3 Nxd3+ 19. Qxd3 Nc6 20. Ng5 Qe7 21. O-O-O f6 {1-0 Vojta,T (2349)-Pacl,V (2033) Ricany op-A 2018 (2)}) ({RR} 7. Be3 e6 8. f4 h5 9. gxh5 Nh6 10. Nc5 Nf5 11. Qd2 Rxh5 12. Be2 Rh8 13. Bf2 b6 14. Nd3 c5 15. c3 Nc6 16. Nf3 Na5 17. dxc5 bxc5 18. b4 Nc4 19. Qc1 cxb4 20. cxb4 a5 21. a3 axb4 {1-0 Wind,L-Fassnacht,P Wiesbaden op 1990}) 7... b6 8. Nc3 e6 9. f4 a6 10. Nf3 c5 11. Be3 h5 12. gxh5 Nh6 13. Bh3 Nc6 14. Ne2 Rc8 15. c3 Na5 16. Ng3 Nc4 17. Bc1 Nf5 18. Bxf5 exf5 19. Qd3 Na5 20. Be3 Nc4 21. Bc1 Na5 22. Rb1 Nb3 23. Be3 c4 24. Qc2 Rb8 25. Nxf5 Rxh5 26. Ng3 Rh3 27. Ng5 Rh8 28. f5 f6 29. Nf3 Be7 30. O-O Rb7 31. Rbe1 Kd8 32. Bf4 Qc6 33. Qe2 Bc8 34. Kg2 b5 35. Rh1 a5 36. h4 b4 37. axb4 axb4 38. h5 Ra7 39. Kg1 Ra2 40. exf6 Bxf6 41. Ne5 Qb7 42. h6 gxh6 43. Ng4 Nxd4 44. cxd4 Bxd4+ 45. Be3 Rxb2 46. Qf3 Bxe3+ 47. Qxe3 Rg8 48. Rxh6 Bd7 49. Rg6 Re8 50. Qg5+ Kc8 51. Rxe8+ Bxe8 52. Re6 Bd7 53. Re1 Qa7+ 54. Ne3 Qd4 55. Qg8+ Kc7 56. Qxd5 Qxd5 57. Nxd5+ Kd6 58. f6 Be6 59. Nf4 Bf7 60. Nf5+ Kc6 61. Nh6 c3 62. Nxf7 c2 63. Ne5+ 1-0

[Event "Olympiad Women 2024"]
[Site "Budapest HUN"]
[Date "2024.09.19"]
[Round "8.28"]
[Board "2"]
[White "Medic, Mirjana"]
[Black "Abarca Gonzalez, Damaris"]
[Result "1/2-1/2"]
[WhiteElo "2101"]
[BlackElo "1991"]
[PlyCount "115"]
[EventDate "2024.09.11"]
[WhiteTeam "Croatia"]
[BlackTeam "Chile"]
[WhiteTeamCountry "CRO"]
[BlackTeamCountry "CHI"]

1. d4 {Huebner,Robert} d5 2. c4 c6 3. e3 Nf6 4. Nf3 Bf5 5. Nc3 e6 6. Nh4 Be4 7. f3 Bg6 8. Qb3 Qc7 9. Bd2 dxc4 ({RR} 9... Be7 10. O-O-O ({RR} 10. g3 Bh5 11. Be2 g5 12. Ng2 h6 13. Rc1 Qb6 14. Qc2 Bg6 15. Bd3 Bxd3 16. Qxd3 Qa6 17. b3 Nbd7 18. Ke2 O-O-O 19. c5 Qxd3+ 20. Kxd3 Ne8 21. b4 Nc7 22. a4 b6 23. Ne2 Kb7 24. Rb1 f5) 10... Nbd7 11. cxd5 ({RR} 11. Nxg6 hxg6 12. g3) 11... Nxd5 12. Nxg6 hxg6 13. h3 ({RR} 13. e4) 13... a5 14. a3 ({RR} 14. e4) 14... b5 15. Nxd5 ({RR} 15. e4 b4 ({RR} 15... a4 16. Qc2 b4 17. Nxd5 exd5 18. Bxb4 ({RR} 18. exd5 bxa3 19. Qxc6 Qb8 20. Bb5 O-O 21. Qxd7 Ra7) 18... Bxb4 19. axb4 Qb6 20. Qc3) 16. exd5 ({RR} 16. axb4 axb4 17. Na2 N5f6) 16... cxd5 17. Kb1 bxc3) 15... exd5 16. Kb1 ({RR} 16. e4 Nb6) 16... Nb6 17. e4 Nc4 18. exd5 a4 19. Qc2 cxd5 20. Bd3 ({RR} 20. Bxc4 bxc4 21. Rhe1 O-O 22. Rxe7 Qxe7 23. Bb4 Qe3 24. Bxf8 Kxf8) 20... Rb8 21. Rhe1 O-O 22. Bxc4 ({RR} 22. Bf4 Qxf4 23. Rxe7 Qd6 24. Re2 ({RR} 24. Rde1 b4) 24... Rfc8) 22... bxc4 23. Qxa4 ({RR} 23. Bf4 Qxf4 24. Rxe7 Rb3) 23... Ra8 ({RR} 23... c3) 24. Qb5 {0-1 Bareev,E (2707)-Ivanchuk,V (2717) FIDE GP Dubai rapid 2002 (1.4)}) 10. Bxc4 b5 ({RR} 10... a6 11. Rc1 Nbd7 12. Nxg6 hxg6 13. f4 b5 14. Be2 c5 15. Bf3 {½-½ Ghazarian,K (2432)-Barbosa,O (2482) 1000GM NY Winter GMA 2024 (5.5)}) 11. Be2 Nbd7 12. Rc1 $146 ({RR} 12. e4 Be7 13. Nxg6 hxg6 14. e5 b4 15. Na4 Nd5 16. O-O Nxe5 17. g3 Nd7 18. Rfd1 a5 19. Rac1 Bd6 20. Be1 Rc8 21. Bf2 Ke7 22. Ba6 Rb8 23. Qc2 b3 24. axb3 Nb4 25. Qe2 Rh3 26. Kg2 Rbh8 {0-1 Beinoras,M (2353)-Stanisz,P (2150) London Classic op 2017 (4)}) 12... Qb6 13. Nxg6 hxg6 14. Ne4 a6 15. Qc2 Nxe4 16. Qxe4 Rc8 17. b4 Bd6 18. f4 Nf6 19. Qd3 Nd5 20. a3 g5 21. g3 gxf4 22. exf4 g6 23. Bf3 Kd7 24. h4 Qd8 25. Kf2 Qf6 26. Kg2 Bb8 27. Qe4 Ba7 28. Be3 Qf5 29. Bf2 Qxe4 30. Bxe4 Bb6 31. Kf3 a5 32. bxa5 Bxa5 33. Rc2 Bb6 34. Rhc1 Rc7 35. Bxd5 cxd5 36. Rxc7+ Bxc7 37. Rc3 Ra8 38. Rb3 Kc6 39. Be3 Ra4 40. Rd3 Bd6 41. Bc1 Rc4 42. Bd2 Be7 43. Ke3 Rc2 44. Rb3 Rc4 45. Kd3 Bd8 46. Bc3 Kb6 47. Rb1 Ka6 48. Bb4 Bb6 49. Bc3 Ba5 50. Bb4 Bb6 51. Bc3 Ra4 52. Bb4 Ba5 53. Kc2 Bxb4 54. axb4 Kb6 55. Kb3 Ra8 56. Rc1 Rh8 57. Rc3 Ra8 58. Rc1 1/2-1/2

[Event "Olympiad Women 2024"]
[Site "Budapest HUN"]
[Date "2024.09.19"]
[Round "8.28"]
[Board "3"]
[White "Jorquera Cabello, Valentina"]
[Black "Berke, Ana"]
[Result "1/2-1/2"]
[WhiteElo "1919"]
[BlackElo "2093"]
[PlyCount "113"]
[EventDate "2024.09.11"]
[WhiteTeam "Chile"]
[BlackTeam "Croatia"]
[WhiteTeamCountry "CHI"]
[BlackTeamCountry "CRO"]

1. e4 c5 2. Nf3 d6 3. Bb5+ Bd7 4. Bxd7+ Qxd7 5. c4 e5 6. O-O g6 7. d3 ({RR} 7. Nc3 Bg7 8. a3 Ne7 9. b4 O-O 10. d3 f5 11. Nd5 b6 12. bxc5 dxc5 13. a4 Nbc6 14. Bd2 Rae8 15. Re1 h6 16. Bc3 g5 17. Nd2 fxe4 18. Nxe7+ Nxe7 19. Nxe4 Ng6 20. a5 Nf4 21. Re3 Rd8 {½-½ Ni,H (2724)-Zvjaginsev,V (2635) RUS-chT 16th 2009 (1)}) 7... Bg7 8. Bd2 ({RR} 8. a3 Nc6 9. Nc3 Nge7 10. Rb1 O-O 11. b4 b6 12. Qa4 Rae8 13. Nd5 Nxd5 14. exd5 Nb8 15. Qxd7 Nxd7 16. b5 e4 17. dxe4 Rxe4 18. Nd2 Re2 19. a4 Ne5 20. Rb3 Re8 21. h3 h5 22. f4 Nd7 {0-1 Ruperez Benito,A (2333)-Matyassy,L (2225) Titled Tue 13th Aug Late 2024 (6)}) 8... Nc6 9. a3 a5 $146 ({RR} 9... Nge7 10. b4 b6 11. Nc3 O-O 12. Nd5 Nxd5 13. cxd5 Ne7 14. bxc5 bxc5 15. Rb1 Rab8 16. Qc2 Qc7 17. a4 h6 18. a5 a6 19. Qc4 Qa7 20. Bc3 Kh7 21. Nd2 f5 22. f3 Bf6 23. g3 Ng8 24. Kg2 {½-½ Tilenbaeva,J (2099)-Schoene,M (2035) Wch U16 Girls 2003 (10)}) 10. Nc3 Rb8 11. Nd5 h6 12. Qa4 b6 13. b4 Nge7 14. bxa5 Nxd5 15. cxd5 Nxa5 16. Qxd7+ Kxd7 17. Rab1 f5 18. Bxa5 bxa5 19. Nd2 a4 20. f3 Bf6 21. Rxb8 Rxb8 22. Rb1 Rxb1+ 23. Nxb1 Bg5 24. h4 Bxh4 25. Nc3 Bg5 26. Nxa4 fxe4 27. fxe4 Be3+ 28. Kh2 c4 29. dxc4 Bc1 30. c5 dxc5 31. Nxc5+ Kd6 32. Ne6 Bxa3 33. Kg3 Ke7 34. Nc7 Bd6 35. Nb5 Bc5 36. Kf3 Bb6 37. Ke2 Bc5 38. Kd3 Bd6 39. Nc3 Bb4 40. Na4 Bd6 41. Kc4 h5 42. Kb5 Kd7 43. Nb6+ Kc7 44. Nc4 Kd7 45. Kb6 Bb8 46. Nd2 Bc7+ 47. Kc5 Bd6+ 48. Kb6 Bc7+ 49. Kb5 Bb8 50. Nf3 Bd6 51. Nh4 g5 52. Nf5 g4 53. Kc4 Be7 54. Kd3 Bg5 55. g3 Bf6 56. Ke2 Bh8 57. Kf2 1/2-1/2

[Event "Olympiad Women 2024"]
[Site "Budapest HUN"]
[Date "2024.09.19"]
[Round "8.28"]
[Board "4"]
[White "Vujnovic, Patricija"]
[Black "Romero Troncoso, Liset Anais"]
[Result "1-0"]
[WhiteElo "2134"]
[BlackElo "1834"]
[PlyCount "131"]
[EventDate "2024.09.11"]
[WhiteTeam "Croatia"]
[BlackTeam "Chile"]
[WhiteTeamCountry "CRO"]
[BlackTeamCountry "CHI"]

1. d4 Nf6 2. c4 g6 3. Nc3 Bg7 4. e4 d6 5. h3 O-O 6. Be3 Na6 7. g4 e5 8. d5 Nc5 9. f3 a5 ({RR} 9... c6 10. Qd2 cxd5 11. cxd5 Bd7 12. Nge2 h5 13. Nc1 Rc8 14. Nb3 Nxb3 15. axb3 a6 16. Bd3 Nh7 17. O-O-O h4 18. Kb1 Bf6 19. f4 exf4 20. Bxf4 Re8 21. Rhf1 Be5 22. Qf2 Qf6 23. Bd2 Qxf2 24. Rxf2 {0-1 Grandelius,N (2691)-McShane,L (2688) Eskilstuna m 2019 (3)}) 10. Qd2 Bd7 ({RR} 10... c6 11. O-O-O cxd5 12. cxd5 Bd7 13. Kb1 a4 14. a3 Qa5 15. Qg2 Rfc8 16. Nge2 Ra6 17. Nc1 Raa8 18. N1a2 Nb3 19. Qf2 Qd8 20. Nb4 Qe7 21. Bd3 Rc7 22. Rh2 Be8 23. Rg1 Nd7 24. h4 h6 25. Rd1 {½-½ Kistrup,N (2326)-Mashhadi,P (2073) Elite Hotels Vaxjo Open 2024 (8.9)}) 11. Nge2 $146 ({RR} 11. O-O-O Ne8 12. h4 f5 13. gxf5 gxf5 14. Bh3 Qc8 15. h5 Kh8 16. h6 Bf6 17. Bxf5 Bxf5 18. exf5 Qxf5 19. Nge2 Rg8 20. f4 exf4 21. Nxf4 Ne4 22. Qd3 Ng3 23. Qxf5 Nxf5 24. Bd2 Rg4 25. Ne4 Bd4 {1-0 Firouzja,A (2763)-Tirard,H (2413) 15th Rouen Open 2023 (4.1)}) 11... Qe8 12. Ng3 Na4 13. h4 Nxc3 14. Qxc3 c6 15. g5 Nh5 16. Nxh5 gxh5 17. Qd2 c5 18. O-O-O b5 19. Kb1 Qb8 20. Rc1 Qb6 21. cxb5 Bxb5 22. Rc3 Ba4 23. Rc4 Bb5 24. Rc3 Ba4 25. Bd3 Rfb8 26. Rhc1 Bf8 27. Ka1 Qa7 28. Qe2 Bg7 29. Ra3 Bd7 30. Bc4 Qb6 31. Rb3 Qa7 32. Rcc3 Rb4 33. a3 Rxb3 34. Rxb3 Ba4 35. Rc3 Rb8 36. Bc1 Rb6 37. Kb1 Qb8 38. Re3 Bd7 39. Ka2 Rb7 40. Rb3 Rxb3 41. Bxb3 Qb5 42. Bc4 Qb6 43. Bd2 f6 44. b3 a4 45. Qd1 Qa7 46. bxa4 Bxa4 47. Qb1 Kf7 48. Bb5 Bxb5 49. Qxb5 Ke7 50. Kb3 fxg5 51. Bxg5+ Bf6 52. Bxf6+ Kxf6 53. a4 Ke7 54. a5 c4+ 55. Kb4 c3 56. Kxc3 Qd4+ 57. Kc2 Qf2+ 58. Kc3 Qxf3+ 59. Qd3 Qf2 60. a6 Qe1+ 61. Kb3 Qa5 62. Qc4 Qb6+ 63. Ka4 Qb1 64. Qc7+ Ke8 65. Qc8+ Ke7 66. Qb7+ 1-0

[Event "Olympiad Women 2024"]
[Site "Budapest HUN"]
[Date "2024.09.19"]
[Round "8.29"]
[Board "1"]
[White "Movsesian, Julia"]
[Black "Ptacnikova, Lenka"]
[Result "1-0"]
[WhiteElo "2198"]
[BlackElo "2065"]
[PlyCount "165"]
[EventDate "2024.09.11"]
[WhiteTeam "Czech Republic"]
[BlackTeam "Iceland"]
[WhiteTeamCountry "CZE"]
[BlackTeamCountry "ISL"]

1. e4 c5 2. Nf3 e6 3. d4 cxd4 4. Nxd4 Nc6 5. a3 Nf6 6. Nc3 Qc7 7. Be2 a6 8. O-O Nxd4 9. Qxd4 Bc5 10. Qd3 h6 ({RR} 10... b5 11. Kh1 Bb7 12. f4 h5 13. Be3 Ng4 14. Bxc5 Qxc5 15. Rad1 O-O-O 16. Qd6 Qxd6 17. Rxd6 Kc7 18. Rd3 g6 19. h3 Nf6 20. e5 Ne4 21. Nxe4 Bxe4 22. Rd6 Bc6 23. Bf3 Rb8 24. Rfd1 Rhd8 25. R1d3 {½-½ Martinez Duany,L (2510)-Barria Zuniga,D (2419) Figueres op 11th 2010 (7)}) 11. Be3 $146 ({RR} 11. Kh1 O-O 12. f4 b5 13. e5 Ne8 14. Ne4 d6 15. Nxc5 Qxc5 16. b4 Qc7 17. Be3 Bb7 18. exd6 Nxd6 19. Bc5 Rfd8 20. Qe3 Nf5 21. Qf2 Rd2 22. Rad1 Qc6 23. Rg1 Nh4 24. Qxh4 Rxe2 25. Qg3 Rd8 {0-1 Balazs,A (1917)-Bagdi,T (1950) HUN-chT2 Breyer 1516 2015 (6.8)}) ({RR} 11. Kh1 O-O 12. f4 b5 13. e5 Ne8 14. f5 Qxe5 15. Bf4 Qd4 16. Qg3 exf5 17. Rad1 Qf6 18. b4 Ba7 19. Nd5 Qe6 20. Bf3 Kh7 21. Rfe1 Qg6 22. Qh3 Bb7 23. Ne7 Qb6 24. Bxb7 Qxb7 25. Qxf5+ g6 {1-0 Czernek,T (2359)-Zabron,M (1932) POL-ch U20 Pokrzywna 2020 (1)}) ({RR} 11. Bf3 O-O 12. g3 Rb8 13. e5 Ne8 14. Ne4 b5 15. Nxc5 Qxc5 16. Be3 Qc7 17. b4 Bb7 18. Bxb7 Qxb7 19. Bc5 d6 20. exd6 Qd7 21. Rfd1 f5 22. a4 Nf6 23. axb5 axb5 24. Ra7 Rb7 25. Rxb7 Qxb7 {1-0 Bilunova,R (2171)-Lein,M (1961) Wch Seniors (Women) 19th 2009 (7)}) 11... b5 12. Bf3 Bxe3 13. Qxe3 e5 14. Rfd1 Bb7 15. Rd2 O-O 16. Rad1 Rfc8 17. Be2 Qc5 18. Qxc5 Rxc5 19. f3 Rac8 20. Rd6 R5c6 21. Rxc6 Rxc6 22. Rd2 Kf8 23. Nd1 g6 24. Ne3 Ke7 25. c4 Rb6 26. c5 Rc6 27. b4 Rc8 28. Bd1 Bc6 29. Bb3 h5 30. h4 Ra8 31. Nd5+ Bxd5 32. Bxd5 Ra7 33. Kh2 a5 34. a4 bxa4 35. b5 Nxd5 36. exd5 Rb7 37. d6+ Kd8 38. b6 Rb8 39. Ra2 Kc8 40. Rxa4 Ra8 41. Kg3 Kb7 42. f4 exf4+ 43. Kxf4 Kc6 44. Kg5 Kxc5 45. b7 Rb8 46. Rxa5+ Kxd6 47. Kf6 Rxb7 48. Kxf7 Rb4 49. g3 Rg4 50. Rg5 Rxg5 51. hxg5 Kc5 52. Kxg6 d5 53. Kxh5 d4 54. g6 d3 55. g7 d2 56. g8=Q d1=Q+ 57. Qg4 Qh1+ 58. Kg5 Qh8 59. Qf5+ Kb4 60. g4 Ka3 61. Qa5+ Kb3 62. Qb6+ Ka2 63. Qe6+ Ka3 64. Kg6 Qd8 65. g5 Qd3+ 66. Kh6 Qd2 67. Qe7+ Ka4 68. Qe5 Ka3 69. Kh7 Qd7+ 70. Kg8 Qc8+ 71. Kf7 Qc4+ 72. Kg7 Ka4 73. g6 Qc8 74. Qe4+ Ka5 75. Qe1+ Ka4 76. Qh4+ Ka3 77. Qg3+ Ka4 78. Kh7 Qf5 79. Kh6 Qf6 80. Qg4+ Ka3 81. Kh7 Qe7+ 82. g7 Qc7 83. Qf3+ 1-0

[Event "Olympiad Women 2024"]
[Site "Budapest HUN"]
[Date "2024.09.19"]
[Round "8.29"]
[Board "2"]
[White "Johannsdottir, Johanna Bjorg"]
[Black "Kanakova, Natalie"]
[Result "1/2-1/2"]
[WhiteElo "2013"]
[BlackElo "2145"]
[PlyCount "78"]
[EventDate "2024.09.11"]
[WhiteTeam "Iceland"]
[BlackTeam "Czech Republic"]
[WhiteTeamCountry "ISL"]
[BlackTeamCountry "CZE"]

1. e4 c5 2. b3 Nc6 3. Bb2 d6 4. Bb5 e5 5. Nc3 ({RR} 5. f4 exf4 6. Qf3 Qh4+ 7. Kf1 Bd7 8. Ne2 Bg4 9. Qf2 Bxe2+ 10. Kxe2 Qxf2+ 11. Kxf2 Nge7 12. Kf3 Ng6 13. Nc3 a6 14. Bxc6+ bxc6 15. Ne2 d5 16. Nxf4 Bd6 17. Nxg6 fxg6 18. Bxg7 Rg8 19. Bb2 Rf8+ {1-0 Makarian,R (2557)-Postny,E (2544) Titled Tue 21st Mar Late 2023 (10)}) ({RR} 5. Bc4 Nf6 6. d3 a6 7. a4 Be7 8. Ne2 Rb8 9. Nbc3 Nd4 10. Nxd4 exd4 11. Nd5 b5 12. Nxf6+ Bxf6 13. axb5 axb5 14. Bd5 O-O 15. O-O Be6 16. Bxe6 fxe6 17. Qg4 Re8 18. Ra6 c4 19. Rfa1 Qc8 {½-½ Rzali,S (2023)-Abdulla,K (2241) ch-AZE Women 2024 (2.1)}) 5... Nf6 6. Nge2 Be7 $146 ({RR} 6... Bd7 7. O-O a6 8. Bxc6 Bxc6 9. d3 Be7 10. f4 Qc7 11. Ng3 O-O-O 12. Qe1 exf4 13. Rxf4 d5 14. e5 Bf8 15. Qe2 Re8 16. Re1 d4 17. Nd1 Nd5 18. Rf2 Kb8 19. c3 dxc3 20. Nxc3 f6 21. Nxd5 {0-1 Houben,C (1468)-Nowicki,E (2072) Regionalliga West 0304 (Women) 2003 (4.1)}) 7. O-O O-O 8. Bxc6 bxc6 9. f4 exf4 10. Nxf4 Ng4 11. Nce2 Bf6 12. Bxf6 Nxf6 13. Ng3 d5 14. exd5 cxd5 15. Nfh5 Ne4 16. d4 Qg5 17. Qc1 Qh4 18. Qf4 Qxf4 19. Rxf4 cxd4 20. Nxe4 dxe4 21. Rxe4 Bf5 22. Rxd4 Bxc2 23. Re1 Bf5 24. Re7 Rfc8 25. Rd2 Kf8 26. Rb7 a6 27. Ng3 Be6 28. h3 Rd8 29. Rf2 Kg8 30. Nh5 Rdb8 31. Rc7 Rc8 32. Rb7 Rcb8 33. Rc7 h6 34. Nf4 Bf5 35. Nd5 Be4 36. Nc3 Bg6 37. Nd5 Be4 38. Nc3 Bg6 39. Nd5 Be4 1/2-1/2

[Event "Olympiad Women 2024"]
[Site "Budapest HUN"]
[Date "2024.09.19"]
[Round "8.29"]
[Board "3"]
[White "Rodshtein, Tereza"]
[Black "Thorsteinsdottir, Hallgerdur"]
[Result "1-0"]
[WhiteElo "2149"]
[BlackElo "1938"]
[PlyCount "91"]
[EventDate "2024.09.11"]
[WhiteTeam "Czech Republic"]
[BlackTeam "Iceland"]
[WhiteTeamCountry "CZE"]
[BlackTeamCountry "ISL"]

1. e4 c6 2. d4 d5 3. e5 Bf5 4. h4 h5 5. Bd3 Bxd3 6. Qxd3 Qa5+ 7. b4 Qa6 8. Qb3 e6 9. Bd2 Nh6 10. a4 Nf5 11. Nf3 b6 $146 ({RR} 11... Nd7 12. Nc3 Qb6 13. Ne2 Be7 14. Rb1 Qd8 15. Qd3 Nb6 16. a5 Nc4 17. Bg5 b6 18. Ng3 g6 19. Nxf5 gxf5 20. O-O Kd7 21. axb6 axb6 22. Ra1 Rg8 23. g3 b5 24. Kg2 Ra4 25. Qe2 Qa8 26. Rab1 {1-0 Firouzja,A (2760)-Erigaisi,A (2748) Titled Tue 26th Mar Late 2024 (11)}) ({RR} 11... Nd7 12. Nc3 Be7 13. Ra2 O-O 14. Ne2 b5 15. a5 f6 16. Nf4 fxe5 17. Nxe6 e4 18. Nfg5 Qc8 19. Nxf8 Nxf8 20. c3 Qe8 21. Qd1 Qg6 22. g4 hxg4 23. Qxg4 Nh6 24. h5 e3 25. hxg6 exd2+ 26. Rxd2 {0-1 Van Foreest,J (2671)-Anton Guijarro,D (2675) Los Cancajos FEDA Scheveningen 2020 (7.4)}) ({RR} 11... Nd7 12. Nc3 Qb6 13. Ne2 Be7 14. c3 a5 15. O-O Nxh4 16. Nxh4 Bxh4 17. c4 axb4 18. cxd5 cxd5 19. Qxb4 Qxb4 20. Bxb4 Be7 21. Rfb1 b6 22. f4 Bxb4 23. Rxb4 Ke7 24. f5 Rhc8 25. Rab1 Rc4 26. Rxc4 {½-½ Mizinov,I (2275)-Koksal,E (2316) Titled Tue 13th Aug Late 2024 (2)}) 12. Na3 Be7 13. g3 O-O 14. b5 Qb7 15. O-O c5 16. c3 Nd7 17. Rfe1 Rfc8 18. Bg5 Bf8 19. Qd1 g6 20. Nc2 a5 21. Ne3 Ng7 22. g4 cxd4 23. cxd4 Rc3 24. Kh1 Rac8 25. Rg1 hxg4 26. Rxg4 Qc7 27. Rg1 Nh5 28. Nh2 Ba3 29. Nhg4 Nf8 30. Qf3 Nh7 31. Bf6 Bf8 32. Rad1 Ra8 33. Nh2 N7xf6 34. exf6 Kh7 35. Rg5 Rc1 36. Rxc1 Qxc1+ 37. Rg1 Qc7 38. Nhg4 Rc8 39. Ne5 Bh6 40. N3g4 Bf4 41. Nc6 Qd6 42. Nge5 Rc7 43. Nxg6 fxg6 44. Qd3 Bg3 45. Ne5 Kh8 46. Qxg6 1-0

[Event "Olympiad Women 2024"]
[Site "Budapest HUN"]
[Date "2024.09.19"]
[Round "8.29"]
[Board "4"]
[White "Briem, Gudrun Fanney"]
[Black "Korenova, Martina"]
[Result "1/2-1/2"]
[WhiteElo "1764"]
[BlackElo "2104"]
[PlyCount "105"]
[EventDate "2024.09.11"]
[WhiteTeam "Iceland"]
[BlackTeam "Czech Republic"]
[WhiteTeamCountry "ISL"]
[BlackTeamCountry "CZE"]

1. d4 g6 2. c4 Bg7 3. Nc3 d6 4. e4 Nf6 5. Be2 Nbd7 6. Nf3 e5 7. dxe5 dxe5 8. Be3 O-O 9. O-O c6 10. b4 Ng4 11. Bg5 f6 12. Bd2 f5 13. Bg5 Qe8 14. Nd2 $146 ({RR} 14. c5 h6 15. h3 Ngf6 16. Bxf6 Nxf6 17. Nd2 g5 18. Nc4 fxe4 19. Nd6 Qg6 20. Ncxe4 Nxe4 21. Bd3 Rf4 22. Qc2 Bf5 23. Nxf5 Qxf5 24. f3 g4 25. Bxe4 Qg5 26. hxg4 h5 27. Qb3+ Kh8 28. gxh5 Rh4 {1-0 Masango,S (2198)-Iniyan,P (2363) New Delhi Parsvnath op 15th 2017 (6)}) 14... h6 15. Bh4 Ngf6 16. exf5 gxf5 17. c5 e4 18. Qb3+ Kh8 19. Nc4 Qg6 20. f3 Nd5 21. Rac1 Nf4 22. Bg3 Bd4+ 23. Kh1 Nh5 24. fxe4 Nxg3+ 25. hxg3 Nf6 26. Rcd1 Nh5 27. Rxd4 Nxg3+ 28. Kg1 Nxf1 29. Bxf1 f4 30. Ne5 Qg7 31. Nf3 Bg4 32. Ne2 Rg8 33. Rd6 Rae8 34. Nxf4 Rxe4 35. Rg6 Qf8 36. Rxg8+ Qxg8 37. Qxg8+ Kxg8 38. Nd3 Be6 39. a3 Bd5 40. Kf2 Kg7 41. Be2 Kf6 42. Nd2 Re7 43. Nf4 Bg8 44. Kf3 b6 45. Ne4+ Kg7 46. Nd6 Kf6 47. Ne4+ Kg7 48. Bd3 Rd7 49. cxb6 axb6 50. Nh5+ Kf8 51. Nf4 Ra7 52. Ng6+ Kg7 53. Ne5 1/2-1/2